Les scènes avec des animaux en 20 clics - Statistiques

Statistiques générales
  • Ce quiz a été pris 63 fois
  • Le résultat moyen est 13 sur 20
Statistiques - réponses
Hint Réponse % Correct
Didier
89%
La Nuit au musée
89%
La Souris (Mouse Hunt)
87%
Beethoven
82%
Lassie : Des amis pour la vie
78%
L'Homme qui murmurait à l'oreille des chevaux
78%
Anaconda, le prédateur
76%
Babe, le cochon devenu berger
69%
Deux Frères
67%
Jumanji
67%
Conan le Barbare
60%
Bad Boys 2
58%
L'Appel de la forêt (The Call of the Wild)
58%
Python
56%
Chronicle
51%
Le Labyrinthe de Pan
51%
Hatchi
45%
Okja
45%
Les 101 Dalmatiens
38%
Les Trois Vies de Thomasina
38%
Aucun quiz correspondant
Distribution des résultats
% des personnes avec chaque résultat
Percentile par nombre de réponses
Votre historique - résultats
Vous n’avez pas pris ce quiz